MDQL
is popping MORE tags! Check the
thread
!
Quizzes
Events
Quiz Creation
Community
Videos
Private Events
Remove Ads
Sign In
Join for FREE
Feedback
Dark Mode
Quiz Categories
Sports
Geography
Music
Movies
Television
Just For Fun
Miscellaneous
History
Literature
Language
Science
Gaming
Entertainment
Religion
Holiday
For Kids
Quiz Lab
Recent
Popular Today
Quiz Kudos Today
Editor Picks
Curator Picks
Quizzes by...
Day
Popularity
Type
Ratings
Length
Year
Community
Subscriptions
Recent Discussions
Orange Saloon
Badges
Playlists
Quests
Create
Leaderboards
Showdown
Live 5
Trivia Bingo
Activity
Puzzle Library
Sporcle Events
Private Events
Virtual Trivia
Globe League
Become a Host
Pub Owners
SporcleCon
Opinionation
Our Games
Videos
Blog
Mobile Apps
Partnerships
Remove Ads and Go Orange
Feedback
Music
Pop Music
The Beatles
Song
Album
Lyrics
Bands
Singers
Artist
Clip
Rock
Rap
Classical
Billboard
Country Music
Kpop
Taylor Swift
Music
Pop Music
The Beatles
Song
Album
Lyrics
Bands
Singers
Artist
Clip
Rock
Rap
Classical
Billboard
Country Music
Kpop
Taylor Swift
Random Quiz
Search Sporcle
×
Quiz Lab
Quiz Lab
Music
Drake
Type in answers that appear in a list
Type in answers that appear in a list
Classic
Best Score? Go Orange.
Songs on Drake's album 'Take Care' Stats
Can you name the songs on Drake's new album 'Take Care' (including bonus tracks)?
By
J_bizzle
5m
20 Questions
3,321 Plays
3,321 Plays
3,321 Plays
Comments
Comments
Give Quiz Kudos
Give Quiz Kudos
-
- Ratings
hide this ad
Replay
Link that replays current quiz
Next Quiz
Link to next quiz in quiz playlist
You Got
0%
They Got
Avg Score
65%
Avg Friend Score
Upgrade to see
Score Distribution
Jump to the score distribution portion of the page
Score
0/20
Timer
05:00
0
Plays Today
Track #
Song Titles
% Correct
5
Take Care (feat. Rihanna)
93.2%
3
Headlines
80.7%
6
Marvin's Room
80.2%
19 -
Bonus Track
The Motto (feat. Lil Wayne)
78.1%
2
Shot For Me
73.5%
16
HYFR (Hell Ya F*****g Right) [feat. Lil Wayne]
73.1%
4
Crew Love (feat. The Weeknd)
70.8%
1
Over My Dead Body
70.1%
8
Under Ground Kings
69.8%
10
Make Me Proud (feat Nicki Minaj)
67.6%
Track #
Song Titles
% Correct
17
Practice
64.9%
12
Cameras / Good Ones Go Interlude
62.7%
11
Lord Knows (feat. Rick Ross)
59.3%
14
The Real Her (feat. Lil Wayne & Andre 3000)
58.2%
13
Doing It Wrong
55.9%
9
We'll Be Fine (feat. Birdman)
54%
18
The Ride
53.6%
15
Look What You've Done
52.2%
7
Buried Alive Interlude (feat. Kendrick Lamar)
46.9%
20 -
Bonus Track
Hate Sleeping Alone
46.1%
Quiz Playlist
Details
Report
Send in Message
Add To Playlist
Classic:
Type in answers that appear in a list
Last Updated: Feb 16, 2017
Quiz Scoreboard
CHALLENGE
Sign Up to Join the Scoreboard
Show All
Scores
Hide
Comments
May contain spoilers
Recently Published
Two Season TV Shows II
by 123Four
Television
10m
Image Sorting: Flags VI
by Barbecue
Geography
2m
Find the 'City' Movie
by crazypaving
Movies
60s
More to Explore
Quiz From the Vault
Featured Blog Post
14 Easter Pick-up Lines to Find Eggs With
hide this ad
You Might Also Like...
Tags
Drake
Today's Top Quizzes in Music
Browse Music
hide this ad
Today's Top Quizzes in Drake
Browse Drake
Top Contributed Quizzes in Music
1
5X2 Blitz: Bands II
2
5X2 Blitz: The Beatles
3
Taylor Swift All Songs (2024)
4
5X2 Blitz: Billboard
5
5X2 Blitz: Billboard II
6
5X2 Blitz: Album
7
5X2 Blitz: Rock
8
5X2 Blitz: Singers
9
Music Artist by Three 2010s hits
10
5X2 Blitz: Lyrics
Explore More
Trending Topics
Marvel
Harry Potter
Anime
NBA
Kpop
Disney
Crossword
The Office
Song
Puzzle
NFL
Pokémon
Country
WWE
Soccer
hide this ad
More By:
J_bizzle
Quiz
Plays
Rating
Category
Featured
Created
Miracle on Ice Millionaire
5,004
5.00
Sports
Jun 7, 2011
Songs on Drake's album 'Take Care'
3,321
4.83
Music
Jan 17, 2012
Fantasy Football Scoring Leaders 2015-2019
2,711
5.00
Sports
May 12, 2020
NFL Top 50 in Rushing Attempts 2017-2019
167
5.00
Sports
May 16, 2020
NCAA Football Cover Athletes
160
Sports
May 28, 2020
Go to Creator's Profile
Score Distribution
Quiz Creator Spotlight
J_bizzle
Follow
Send a Message
Quizzes Created
-
Created Quiz Play Count
-
More By This Creator
Popular Quizzes Today
1
Find the US States - No Outlines Minefield
2
Colored Red Africa Blitz
3
Find the 'City' Movie
4
5x2 Blitz: Bands
5
The Countries of the World
6
Find the Countries of Europe - No Outlines Minefield
7
Find the US States
8
US States
More Music Quizzes
Music Notes (Treble & Bass Clef)
Quiz Lab
Trending Quizzes
Colored Red Europe Blitz I
Colored Red Africa Blitz II
Colored Red Europe Blitz II
Colored Red Africa Blitz III
Colored Red Europe Blitz III
Recently Updated
How Do You Spell That?
pecheneg
Godzilla Movies
pecheneg
Grab Bag: 4-10 Letters
pecheneg
2024 March Madness Bracket
pecheneg
Famous TV Couples
Peacemaker
Champions League XIs: Real Madrid
pecheneg
Largest US Cities 1790-2010
pecheneg
Rides in Walt Disney World
pecheneg
Most Oscar Losses (Acting)
pecheneg
Beyoncé Albums
pecheneg
Trending Topics
Anime
Crossword
NBA
Kpop
Disney
Marvel
Harry Potter
Puzzle
The Office
WWE
NFL
Soccer
Country
Pokémon
Song
Your Account Isn't Verified!
In order to create a playlist on Sporcle, you need to verify the email address you used during registration. Go to your
Sporcle Settings
to finish the process.
Report this User
Report this user for behavior that violates our
Community Guidelines
.
Details:
Send Report
Go to the Sporcle.com Mobile Site →
Comments